| Tag |
First Indicator |
Second Indicator |
Subfields |
| LEADER |
00000cam a22000008a 4500 |
| 001 |
in00000074499 |
| 005 |
20151008053550.0 |
| 008 |
801217s1981 enk b 00110 engm |
| 010 |
|
|
|a 80041537
|
| 015 |
|
|
|a GB82
|
| 020 |
|
|
|a 0521236266
|
| 035 |
|
|
|a (OCoLC)07173210
|
| 035 |
|
|
|9 AAH7858AM
|
| 040 |
|
|
|a DLC
|c DLC
|d m.c.
|d TXA
|d UtOrBLW
|
| 043 |
|
|
|a a-cc---
|
| 049 |
|
|
|a TXAM
|c [932565]
|
| 050 |
0 |
0 |
|a HC427.7
|b .G62
|
| 082 |
0 |
|
|a 338.0951
|2 19
|
| 100 |
1 |
|
|a Godley, Michael R.
|
| 245 |
1 |
4 |
|a The Mandarin-capitalists from Nanyang :
|b overseas Chinese enterprise in the modernization of China, 1893-1911 /
|c Michael R. Godley.
|
| 263 |
|
|
|a 8202
|
| 264 |
|
1 |
|a Cambridge,[England] ;
|a New York, N.Y. :
|b Cambridge University Press,
|c 1981.
|
| 300 |
|
|
|a viii, 222 pages ;
|c 24 cm.
|
| 336 |
|
|
|a text
|b txt
|2 rdacontent
|
| 337 |
|
|
|a unmediated
|b n
|2 rdamedia
|
| 338 |
|
|
|a volume
|b nc
|2 rdacarrier
|
| 490 |
1 |
|
|a Cambridge studies in Chinese history, literature, and institutions
|
| 500 |
|
|
|a Includes index.
|
| 504 |
|
|
|a Bibliography: pages [206]-2ll.
|
| 650 |
|
0 |
|a Businessmen
|z China
|x History.
|
| 650 |
|
0 |
|a Chinese
|z Foreign countries
|x History.
|
| 650 |
|
0 |
|a Business enterprises
|z China
|x History.
|
| 651 |
|
0 |
|a China
|x Economic conditions
|y 1644-1912.
|
| 830 |
|
0 |
|a Cambridge studies in Chinese history, literature, and institutions.
|
| 999 |
|
|
|a MARS
|
| 999 |
f |
f |
|s d35c7a34-9ee8-373d-8239-45f6375e69e3
|i b121bea6-3f9b-3ee3-a3d5-132a03428eab
|t 0
|
| 952 |
f |
f |
|p ric
|a Texas A&M University
|b Rellis Campus
|c Joint Library Facility
|d Remote Storage
|t 0
|e HC427.7 .G62
|h Library of Congress classification
|i unmediated -- volume
|m A14806122857
|
| 998 |
f |
f |
|a HC427.7 .G62
|t 0
|l Remote Storage
|